The Emory University journal of medicine. (Record no. 1456)
[ view plain ]
| 000 -LEADER | |
|---|---|
| fixed length control field | 02133cas a2200613 a 4500 |
| 001 - CONTROL NUMBER | |
| control field | data |
| 005 - DATE AND TIME OF LATEST TRANSACTION | |
| control field | 20260322212101.0 |
| 008 - FIXED-LENGTH DATA ELEMENTS--GENERAL INFORMATION | |
| fixed length control field | data |
| 010 ## - LIBRARY OF CONGRESS CONTROL NUMBER | |
| LC control number | sf 93092388 |
| Canceled/invalid LC control number | sn 86002610 |
| 016 7# - NATIONAL BIBLIOGRAPHIC AGENCY CONTROL NUMBER | |
| Record control number | 8812127 |
| Source | DNLM |
| 016 7# - NATIONAL BIBLIOGRAPHIC AGENCY CONTROL NUMBER | |
| Record control number | SR0062431 |
| Source | DNLM |
| 016 7# - NATIONAL BIBLIOGRAPHIC AGENCY CONTROL NUMBER | |
| Record control number | 008216175 |
| Source | Uk |
| 019 ## - | |
| -- | 1289265761 |
| 022 0# - INTERNATIONAL STANDARD SERIAL NUMBER | |
| International Standard Serial Number | 0891-7043 |
| Source | 1 |
| 023 0# - CLUSTER ISSN | |
| Cluster ISSN | 0891-7043 |
| Source | 1 |
| 029 1# - OTHER SYSTEM CONTROL NUMBER (OCLC) | |
| OCLC library identifier | AU@ |
| System control number | 000025713864 |
| 029 1# - OTHER SYSTEM CONTROL NUMBER (OCLC) | |
| OCLC library identifier | GEBAY |
| System control number | 1377470 |
| 029 1# - OTHER SYSTEM CONTROL NUMBER (OCLC) | |
| OCLC library identifier | NLM |
| System control number | 8812127 |
| 029 1# - OTHER SYSTEM CONTROL NUMBER (OCLC) | |
| OCLC library identifier | UKMGB |
| System control number | 008216175 |
| 032 ## - POSTAL REGISTRATION NUMBER | |
| Postal registration number | 001745 |
| Source agency assigning number | USPS |
| 035 ## - SYSTEM CONTROL NUMBER | |
| System control number | (OCoLC)14972329 |
| 037 ## - SOURCE OF ACQUISITION | |
| Source of stock number/acquisition | Subscription Services Dept., Lippincott/Harper, Downsville Pike, Route 3, Box 20-B, Hagerstown, MD 21740 |
| 040 ## - CATALOGING SOURCE | |
| Original cataloging agency | NSD |
| Language of cataloging | eng |
| Transcribing agency | NSD |
| Modifying agency | OCLCQ |
| -- | NLM |
| -- | DLC |
| -- | EBZ |
| -- | OCLCQ |
| -- | UKMGB |
| -- | OCLCO |
| -- | OCLCQ |
| -- | OCLCO |
| -- | OCLCA |
| -- | OCLCF |
| -- | OCLCO |
| -- | OCLCL |
| -- | OCLCQ |
| 042 ## - AUTHENTICATION CODE | |
| Authentication code | pcc |
| -- | pcc |
| 050 00 - LIBRARY OF CONGRESS CALL NUMBER | |
| Classification number | WMLC 93/2044 |
| 060 00 - NATIONAL LIBRARY OF MEDICINE CALL NUMBER | |
| Classification number | W1 |
| Item number | EM664T |
| 082 10 - DEWEY DECIMAL CLASSIFICATION NUMBER | |
| Classification number | 610 |
| Edition information | 11 |
| Real World Object URI | https://id.oclc.org/worldcat/ddc/E38rVRdwMt9CXDhRf7Y3vwdYRm |
| 210 0# - ABBREVIATED TITLE | |
| Abbreviated title | Emory Univ. j. med. |
| 222 #4 - KEY TITLE | |
| Key title | The Emory University journal of medicine |
| 245 04 - TITLE STATEMENT | |
| Title | The Emory University journal of medicine. |
| 260 ## - PUBLICATION, DISTRIBUTION, ETC. | |
| Place of publication, distribution, etc. | Hagerstown, MD : |
| Name of publisher, distributor, etc. | J.B. Lippincott Co., |
| Date of publication, distribution, etc. | ©1987- |
| 300 ## - PHYSICAL DESCRIPTION | |
| Extent | volumes : |
| Other physical details | illustrations, portraits |
| 310 ## - CURRENT PUBLICATION FREQUENCY | |
| Current publication frequency | Quarterly |
| 336 ## - CONTENT TYPE | |
| Content type term | text |
| Content type code | txt |
| Source | rdacontent |
| 337 ## - MEDIA TYPE | |
| Media type term | unmediated |
| Media type code | n |
| Source | rdamedia |
| 338 ## - CARRIER TYPE | |
| Carrier type term | volume |
| Carrier type code | nc |
| Source | rdacarrier |
| 362 0# - DATES OF PUBLICATION AND/OR SEQUENTIAL DESIGNATION | |
| Dates of publication and/or sequential designation | Vol. 1, no. 1 (Jan.-Mar. 1987)- |
| 500 ## - GENERAL NOTE | |
| General note | Imprint varies: Atlanta, Ga.: Emory University, <Jan.-Mar. 1992-> |
| 500 ## - GENERAL NOTE | |
| General note | Title from cover. |
| 515 ## - NUMBERING PECULIARITIES NOTE | |
| Numbering peculiarities note | Ceased publication. |
| 588 ## - SOURCE OF DESCRIPTION NOTE | |
| Source of description note | Latest issue consulted: Vol. 6, no. 1 (Jan.-Mar. 1992). |
| 590 ## - LOCAL NOTE (RLIN) | |
| Local note | SERBIB/SERLOC merged record |
| 650 #0 - SUBJECT ADDED ENTRY--TOPICAL TERM | |
| Topical term or geographic name entry element | Medicine. |
| 650 #2 - SUBJECT ADDED ENTRY--TOPICAL TERM | |
| Topical term or geographic name entry element | Medicine |
| 650 #7 - SUBJECT ADDED ENTRY--TOPICAL TERM | |
| Topical term or geographic name entry element | Medicine. |
| Source of heading or term | fast |
| Authority record control number or standard number | (OCoLC)fst01014893 |
| 655 #2 - INDEX TERM--GENRE/FORM | |
| Genre/form data or focus term | Periodical |
| 710 2# - ADDED ENTRY--CORPORATE NAME | |
| Corporate name or jurisdiction name as entry element | Emory University. |
| Real World Object URI | https://id.oclc.org/worldcat/entity/E39QH7JmpcFQkYcMXC7cxh7YqF |
| 890 ## - | |
| -- | Emory University journal of medicine. |
| -- | sf93-92388 |
| 906 ## - LOCAL DATA ELEMENT F, LDF (RLIN) | |
| a | 7 |
| b | cbc |
| c | serials |
| d | u |
| e | ncip |
| f | 19 |
| g | n-oclcserc |
| 920 ## - | |
| -- | Keep 1 |
| 991 ## - | |
| -- | c-Ser |
| -- | WMLC 93/2044 |
| -- | SERIALS |
| 992 ## - | |
| -- | SER |
| -- | SERLOC |
| Withdrawn status | Lost status | Damaged status | Not for loan | Home library | Current library | Shelving location | Date acquired | Total checkouts | Full call number | Barcode | Date last seen | Price effective from | Koha item type |
|---|---|---|---|---|---|---|---|---|---|---|---|---|---|
| Riverside | Riverside | General stacks | 22/03/2026 | 610 | LOC-RPL-00003 | 22/03/2026 | 22/03/2026 | Books |